000 00850nam a2200229Ia 4500
001 11231
003 GE_BSU
008 181216s||||||||xx |||||||||||||| ||und||
040 _cGE_BSU
080 _a595.7(075.8)
100 _aლ. კალანდაძე, ირ. ბათიაშვილი, ს. ქარუმიძე და სხვა.
245 _aენტიმოლოგია
245 _bსახელმძღ. სას-სამ. ინ-ტისათვის
245 _cრედ: ლ. კალანდაძე
260 _aთბილისი.
260 _bსას-სამ. ინ-ტის გამ-ბა
260 _c1956
300 _a482გვ.24სმ.
300 _eილ. საძიებლები გვ. 454-482
653 _aენტიმოლოგია
942 _cBK
999 _c44462
_d44462